| 000 | 00622cam a22002291 4500 | ||
|---|---|---|---|
| 001 | sa 66003893 | ||
| 003 | DLC | ||
| 005 | 20260227112239.0 | ||
| 008 | 861125s1965 ii ac 000 0 eng | ||
| 010 | _asa 66003893 | ||
| 025 | _aPL480:I-E-5774 | ||
| 035 | _a(OCoLC)14870413 | ||
| 040 |
_aDLC _cWaU _dWaU _dDLC |
||
| 042 | _apremarc | ||
| 050 | 0 | 0 |
_aDS486.H9 _bP7 |
| 082 | _a915.484 | ||
| 110 | 2 | _aPress Reporter's Guild, Hyderabad, India. | |
| 245 | 0 | 0 |
_aHyderabad: _bthe city we live in. |
| 260 |
_aHyderabad [India] _c1965. |
||
| 300 |
_a171 p. _billus. (part col.) ports. _c28 cm. |
||
| 651 | 0 | _aHyderabad (India) | |
| 999 |
_c69157 _d69157 |
||